|
|
|
|
| LEADER |
00000cam a2200000 c 4500 |
| 001 |
1622731654 |
| 003 |
DE-627 |
| 005 |
20251225202542.0 |
| 007 |
tu |
| 008 |
940622s1993 xx ||||| 00| ||fre c |
| 020 |
|
|
|a 2247016278
|9 2-247-01627-8
|
| 035 |
|
|
|a (DE-627)1622731654
|
| 035 |
|
|
|a (DE-576)039649385
|
| 035 |
|
|
|a (DE-599)BSZ039649385
|
| 035 |
|
|
|a (OCoLC)30088754
|
| 040 |
|
|
|a DE-627
|b ger
|c DE-627
|e rakwb
|
| 041 |
|
|
|a fre
|
| 082 |
0 |
|
|a 345.5
|
| 245 |
0 |
3 |
|a La responsabilité pénale des personnes morales
|b [le Colloque "La Responsabilité Pénale des Personnes Morales" s'est tenu à l'Université de Paris I le 7 avril 1993]
|c [org. par l'Université de Paris I - Panthéon-Sorbonne ...]. Martine Boizard ...
|
| 264 |
|
1 |
|a Paris
|b Dalloz
|c 1993
|
| 300 |
|
|
|a VII, S., S. 232 - 388, 56 S.
|
| 336 |
|
|
|a Text
|b txt
|2 rdacontent
|
| 337 |
|
|
|a ohne Hilfsmittel zu benutzen
|b n
|2 rdamedia
|
| 338 |
|
|
|a Band
|b nc
|2 rdacarrier
|
| 500 |
|
|
|a Aus: Revue des sociétés ; no. 2 (1993)
|
| 655 |
|
7 |
|a Konferenzschrift
|0 (DE-588)1071861417
|0 (DE-627)826484824
|0 (DE-576)433375485
|2 gnd-content
|
| 700 |
1 |
|
|a Boizard, Martine
|4 oth
|
| 711 |
2 |
|
|a Colloque La Responsabilité Pénale des Personnes Morales
|d 1993
|c Paris
|0 (DE-588)5110322-9
|0 (DE-627)710566301
|0 (DE-576)194831876
|4 oth
|
| 935 |
|
|
|c so
|
| 951 |
|
|
|a BO
|
| ELC |
|
|
|b 1
|
| LOK |
|
|
|0 000 xxxxxcx a22 zn 4500
|
| LOK |
|
|
|0 001 3247161449
|
| LOK |
|
|
|0 003 DE-627
|
| LOK |
|
|
|0 004 1622731654
|
| LOK |
|
|
|0 005 20100806113933
|
| LOK |
|
|
|0 008 940622||||||||||||||||ger|||||||
|
| LOK |
|
|
|0 040
|a DE-21
|c DE-627
|d DE-21
|
| LOK |
|
|
|0 852
|a DE-21
|
| LOK |
|
|
|0 852 1
|c KB 8 E 5047
|9 00
|
| LOK |
|
|
|0 866
|x Ers.
|
| LOK |
|
|
|0 935
|a krim
|
| LOK |
|
|
|0 936ln
|a k10.5.4
|
| LOK |
|
|
|0 939
|a 22-06-94
|b l01
|
| ORI |
|
|
|a SA-MARC-krimdoka001.raw
|
| SIG |
|
|
|a UB: KB 8 E 5047
|